• 首页
  • 本馆介绍
  • 公告通知
  • 最新文献
  • 馆藏检索
  • 电子资源
  • 读者导购
  • 参考咨询
  • 我的图书馆
  • 登录
  • 详细信息显示
  • 放入我的书架
  • 预约/预借图书
  • 作者相关作品
  • 分类相关作品
  • 丛书相关作品
  • 出版社相关作品

书目信息

  • 表格格式
  • 工作单格式
  • 卡片格式
题名:
几何绕射理论
    
 
作者: 汪茂光 主编
分册:  
出版信息: 西安   西北电讯工程学院出版社  1985
页数: 214页
开本: 26cm
丛书名:
单 册:
中图分类: TN011 , O435
科图分类:
主题词: 几何光学--高等学校--教材 , 电波传播--高等学校--教材 , 光学
电子资源:
ISBN:
000 00728nam0 2200277 45
001 0185020760
005 20061120102508.20
010    @dCNY2.90
091    @a15322.23
100    @a19900921d1985 em y0chiy0121 ea
101 0  @achi
102    @aCN@b610000
105    @ay z 000yy
200 10 @a几何绕射理论@Aji he rao she li lun@f汪茂光主编
210    @a西安@c西北电讯工程学院出版社@d1985
215    @a214页@d26cm
300    @a高等学校教材
606    @a几何光学@x高等学校@x教材
606    @a电波传播@x高等学校@x教材
606 0  @a光学
690    @aTN011@v3 
690    @aO435@v3
701  0 @a汪茂光@Awang mao guang@4主编
801  2 @aCN@bNLC@c20061120
801  0 @aCN@b深圳图书馆@c20040520
905    @dO435@e19
    
    几何绕射理论/汪茂光主编.-西安:西北电讯工程学院出版社,1985
    214页;26cm
    高等学校教材
    
    ISBN :CNY2.90
    
●
相关链接 在E读中查询图书 在五车中查询图书 在当当中查询图书 在豆瓣中查询图书


正题名:几何绕射理论     索取号:O435/19         预约/预借

序号 登录号 条形码 馆藏地/架位号 状态 备注
1 0165025   001349142   第二样本阅览室/ [索取号:O435/19] 在馆    
唐山师范学院图书馆 欢迎您!
大连网信软件有限公司© 版权所有